Handbook of psychology / (Record no. 146088)

MARC details
000 -LEADER
fixed length control field 00871nam a22002297a 4500
005 - DATE AND TIME OF LATEST TRANSACTION
control field 20180614124440.0
010 ## - LCCN (DPL NO)
LC control number 1718EN-30ENG-122086 B-688820-21
020 ## - INTERNATIONAL STANDARD BOOK NUMBER
International Standard Book Number 9789385160288
Terms of availability 695.00
035 ## - SYSTEM CONTROL NUMBER
System control number EN-105618
035 ## - SYSTEM CONTROL NUMBER
System control number B-688820-21
037 ## - SOURCE OF ACQUISITION
Source of stock number/acquisition Bhairavi Pub.
Stock number dpl
037 ## - SOURCE OF ACQUISITION
Source of stock number/acquisition DBAD/PUB
082 ## - DEWEY DECIMAL CLASSIFICATION NUMBER
Classification number 150
245 ## - TITLE STATEMENT
Title Handbook of psychology /
Statement of responsibility, etc edited by Harsharan Singh
260 ## - PUBLICATION, DISTRIBUTION, ETC. (IMPRINT)
Date of publication, distribution, etc 2015
Place of publication, distribution, etc New Delhi
Name of publisher, distributor, etc Lenin Media
270 ## - ADDRESS
Address 202, 2nd Floor, 4832/24, Prahlad Street, Ansari Road, Darya Ganj,
City New Delhi
Postal code 110002
300 ## - PHYSICAL DESCRIPTION
Dimensions 22cm(Hb)
Extent 312p.
500 ## - GENERAL NOTE
General note Includes bibliographical references and index
700 ## - ADDED ENTRY--PERSONAL NAME
Personal name Harsharan Singh
942 ## - ADDED ENTRY ELEMENTS (KOHA)
Item type English Books
Source of classification or shelving scheme Dewey Decimal Classification
Call number suffix HAN
Classification part 150
Holdings
Withdrawn status Lost status Not for loan Collection code Home library Current library Date acquired Source of acquisition Cost, normal purchase price Full call number Barcode Copy number Cost, replacement price Koha item type
      Non-fiction Ashok Vihar Ashok Vihar 14/06/2018 Bhairavi pub-22/5.12.17/640/26.11.17/15.1.18 695.00 150 HAN B-688821 1 695.00 English Books
    Not For Loan Non-fiction D.B.Act.Division Bawana 23/01/2018 DBAD/PUB 695.00 150 HAN EN-105618 1 695.00 English Books
      Non-fiction Central Library Central Library 14/06/2018 Bhairavi pub-22/5.12.17/640/26.11.17/15.1.18 695.00 150 HAN B-688820 1 695.00 English Books

© Delhi Public Library
Hit Counter
free hit counter